Score 0/9 Timer 01:00
0 Plays Today
Capital City Country % Correct
AthensGreece
100%
BudapestHungary
95.8%
TunisTunisia
91.7%
DhakaBangladesh
79.2%
VilniusLithuania
79.2%
AccraGhana
70.8%
WindhoekNamibia
70.8%
SarajevoBosnia Herzegovina
58.3%
Port LouisMauritius
54.2%
Remove Ads.
Support Sporcle.
Get the best of Sporcle when you Go Orange. This ad-free experience offers more features, more stats, and more fun while also helping to support Sporcle. Thank you for becoming a member.

You're not logged in!

Compare scores with friends on all Sporcle quizzes.
OR
Log In

Show Comments

Extras

Top Quizzes Today


Score Distribution

Your Account Isn't Verified!

In order to create a playlist on Sporcle, you need to verify the email address you used during registration. Go to your Sporcle Settings to finish the process.

Report this User

Report this user for behavior that violates our Community Guidelines.

Details: